000 00562nmm a2200193Ia 4500
008 251105s9999||||xx |||||||||||||||||und||
020 _a9788416638222
041 _aspa
100 _aWalser, Robert
245 0 _aDesde la oficina
264 _a[Madrid, España] :
_bSiruela,
_c2016
300 _a110 páginas
490 _aLibros del Tiempo / Biblioteca Robert Walser
650 _aOther Literatures and languages
700 _aWalser, Robert
700 1 _a Blanco, Rosa Pilar
856 _uhttps://public.digitaliapublishing.com/a/44790
942 _cCF
999 _c72507
_d72507